000 00396nam a2200145Ia 4500
008 210716s1987 xx 000 0 und d
041 _aeng
082 _a005.363 GOTB
100 _aGottfried, Byron S.
245 _aSchaums outline of theory and problems of programming with pascal.
250 _a1
260 _aNew Delhi
_bMc Graw Hill Book Company
_c1987
300 _a407
650 _aNone
999 _c181044
_d181044